| 000 | 01060cab a2200325 4500 | ||
|---|---|---|---|
| 001 | ABS50342 | ||
| 008 | 090401t1994 xxu||||| |||| 00| 0 eng d | ||
| 035 | _a(Sirsi) u75372 | ||
| 041 | _aeng | ||
| 100 | _aFortune, C. | ||
| 245 | _aEarly cost advice for clients | ||
| 260 | _c1994 | ||
| 350 | _a0 | ||
| 490 |
_aCSM (Chartered Surveyor Monthly) _v3(6) March 1994, 18-19(2) |
||
| 520 | _aConsiders use of alternative computer-based cost modelling techniques such as risk analysis rather than traditional forecasting methods such as elemental analysis and costs per m2 for providing early cost data to clients. | ||
| 650 | _aALTERNATIVE COST TECHNIQUES | ||
| 650 | _aCOMPUTER-BASED COST MODELLING | ||
| 650 | _aCOST FORECASTING | ||
| 650 | _aCOSTING | ||
| 650 | _aFORECASTING TECHNIQUES | ||
| 650 | _aLIFE CYCLE COSTING | ||
| 650 | _aMENTOR | ||
| 650 | _aRISK ANALYSIS | ||
| 650 | _aSTATISTICS | ||
| 690 |
_aProject management _96261 |
||
| 690 |
_aQuantity surveying _96263 |
||
| 700 | _aLees, M. | ||
| 942 | _n0 | ||
| 948 | _c04/03/1997 | ||
| 999 |
_c47470 _d47470 |
||